Countries with the Most Educated Population - Statistics

General Stats
  • This quiz has been taken 68 times
  • The average score is 12 of 15
Answer Stats
Number in World Country % Correct
3 Japan
97%
2 Canada
94%
12 United States
94%
1 South Korea
92%
6 United Kingdom
92%
9 Norway
89%
5 Ireland
86%
10 Australia
84%
14 France
84%
8 Netherlands
83%
15 Spain
83%
11 Switzerland
83%
13 Belgium
76%
4 Luxembourg
62%
7 Lithuania
27%
No matching quizzes found
Score Distribution
Percent of People with Each Score
Percentile by Number Answered
Your Score History
You have not taken this quiz